[Event "ISR-chT"]
[Site "Israel"]
[Date "2018.02.23"]
[Round "9.3"]
[White "Gindi, Shachar"]
[Black "Mindlin, Alon"]
[Result "1-0"]
[WhiteElo "2397"]
[BlackElo "2459"]
[PlyCount "99"]
[EventDate "2018.01.05"]
[EventType "team-tourn"]
[EventRounds "11"]
[EventCountry "ISR"]
[SourceTitle "EXT 2019"]
[Source "ChessBase"]
[SourceDate "2018.10.10"]
[SourceVersion "1"]
[SourceVersionDate "2018.10.10"]
[SourceQuality "1"]
[WhiteTeam "Herzliya"]
[BlackTeam "Kfar Saba Hapoel"]
[WhiteTeamCountry "ISR"]
[BlackTeamCountry "ISR"]

1. d4 d5 2. c4 e6 3. Nc3 Be7 4. Nf3 Nf6 5. Bf4 0-0 6. e3 b6 7. Bd3 c5 8. cxd5 Nxd5 9. Nxd5 exd5 10. Ne5 Be6 11. Qh5 f5 12. g4 c4 13. gxf5 Bf7 14. Nxf7 Rxf7 15. Bc2 Nd7 16. 0-0 Bd6 17. Bg5 Nf6 18. Qf3 Bc7 19. Kh1 Qd7 20. Rg1 Ne4 21. Bxe4 dxe4 22. Qxe4 Re8 23. Qf3 Qxf5 24. Qxf5 Rxf5 25. Rg2 Kf7 26. Rc1 b5 27. Bh4 Re6 28. Kg1 Ra6 29. a3 Bd6 30. Kf1 b4 31. axb4 Rc6 32. f4 Rb5 33. Rgc2 Rxb4 34. Be1 Rb3 35. Ke2 Rc7 36. Kf3 Re7 37. Bc3 Rb5 38. e4 Bb4 39. Bxb4 Rxb4 40. e5 Rc7 41. d5 Rc5 42. Rd1 Rb8 43. Ke4 a5 44. d6 a4 45. Rd5 Rcc8 46. Ra5 Rb4 47. Ra7+ Kg6 48. Kd5 Kf5 49. Rf7+ Kg4 50. d7 1-0

[Event "Herzliya"]
[Site "Herzliya"]
[Date "2017.12.08"]
[Round "8"]
[White "Gindi, Shachar"]
[Black "Zifroni, Dov"]
[Result "1-0"]
[WhiteElo "2391"]
[BlackElo "2450"]
[PlyCount "65"]
[EventDate "2017.12.01"]
[EventType "tourn"]
[EventRounds "9"]
[EventCountry "ISR"]
[EventCategory "7"]
[SourceTitle "CBM 182 Extra"]
[Source "ChessBase"]
[SourceDate "2018.02.23"]
[SourceVersion "1"]
[SourceVersionDate "2018.02.23"]
[SourceQuality "1"]

1. e4 e5 2. Bc4 Nf6 3. d3 Nc6 4. Nf3 Bc5 5. 0-0 d6 6. c3 a6 7. Nbd2 0-0 8. Bb3 Ba7 9. h3 Be6 10. Re1 Bxb3 11. Qxb3 Rb8 12. Nf1 Ne7 13. Ng3 Ng6 14. d4 b5 15. Be3 Nd7 16. Rad1 Qc8 17. h4 Bb6 18. h5 Ne7 19. Bg5 Qe8 20. Nf5 Nxf5 21. exf5 h6 22. Bh4 c6 23. dxe5 dxe5 24. f6 gxf6 25. Rd6 e4 26. Nd4 Rb7 27. Nxc6 e3 28. fxe3 Qe4 29. Bf2 Rc8 30. Qd5 Qxd5 31. Ne7+ Kg7 32. Nxd5 a5 33. Rxd7 1-0

[Event "Herzliya"]
[Site "Herzliya"]
[Date "2017.12.03"]
[Round "3"]
[White "Gindi, Shachar"]
[Black "Shutzman, Joseph"]
[Result "1/2-1/2"]
[WhiteElo "2391"]
[BlackElo "2279"]
[PlyCount "50"]
[EventDate "2017.12.01"]
[EventType "tourn"]
[EventRounds "9"]
[EventCountry "ISR"]
[EventCategory "7"]
[SourceTitle "CBM 182 Extra"]
[Source "ChessBase"]
[SourceDate "2018.02.23"]
[SourceVersion "1"]
[SourceVersionDate "2018.02.23"]
[SourceQuality "1"]

1. e4 c6 2. Nc3 d5 3. Nf3 Bg4 4. h3 Bxf3 5. Qxf3 e6 6. d3 Nf6 7. Bd2 Nbd7 8. g4 Qb6 9. g5 Ne5 10. Qg3 Nfd7 11. f4 d4 12. fxe5 Qxb2 13. Rd1 dxc3 14. Be3 Qxc2 15. d4 Qxe4 16. Bg2 Qg6 17. 0-0 c2 18. Rde1 Ba3 19. Qf4 c1Q 20. Bxc1 Bxc1 21. Rxc1 0-0 22. Rc3 Nb6 23. Qh4 Nd5 24. Be4 Qxe4 25. Qxe4 Nxc3 1/2-1/2

[Event "Biel MTO op 50th"]
[Site "Biel"]
[Date "2017.08.02"]
[Round "9"]
[White "Dragun, Kamil"]
[Black "Gindi, Shachar"]
[Result "1-0"]
[WhiteElo "2621"]
[BlackElo "2397"]
[PlyCount "73"]
[EventDate "2017.07.24"]
[EventType "swiss"]
[EventRounds "9"]
[EventCountry "SUI"]
[SourceTitle "EXT 2018"]
[Source "ChessBase"]
[SourceDate "2017.10.13"]
[SourceVersion "1"]
[SourceVersionDate "2017.10.13"]
[SourceQuality "1"]

1. Nf3 d5 2. c4 d4 3. g3 Nc6 4. Bg2 e5 5. 0-0 Nf6 6. d3 Bd6 7. e3 0-0 8. exd4 Nxd4 9. Nxd4 exd4 10. Nd2 a5 11. Re1 c6 12. Nf3 Bg4 13. h3 Bh5 14. Qc2 Qb6 15. Bg5 Nd7 16. Be7 Bxe7 17. Rxe7 Rad8 18. Rae1 f6 19. Nh4 Ne5 20. Nf5 Bg6 21. R7xe5 fxe5 22. Ne7+ Kh8 23. Rxe5 Rf6 24. Qe2 a4 25. f4 Bf7 26. Kh2 a3 27. b3 Qb4 28. f5 Ra8 29. g4 Ra5 30. Re4 Qd6+ 31. Kg1 h6 32. Qe1 Ra8 33. h4 g5 34. hxg5 hxg5 35. Qd2 Re8 36. Qxg5 Rxe7 37. c5 1-0

[Event "Biel MTO op 50th"]
[Site "Biel"]
[Date "2017.07.28"]
[Round "5"]
[White "Demuth, Adrien"]
[Black "Gindi, Shachar"]
[Result "1-0"]
[WhiteElo "2558"]
[BlackElo "2397"]
[PlyCount "67"]
[EventDate "2017.07.24"]
[EventType "swiss"]
[EventRounds "9"]
[EventCountry "SUI"]
[SourceTitle "CBM 179 Extra"]
[Source "ChessBase"]
[SourceDate "2017.08.23"]
[SourceVersion "1"]
[SourceVersionDate "2017.08.23"]
[SourceQuality "1"]

1. Nf3 d5 2. g3 Nf6 3. Bg2 c5 4. c4 e6 5. 0-0 Be7 6. cxd5 exd5 7. d4 0-0 8. Nc3 Nc6 9. dxc5 Bxc5 10. a3 Bg4 11. b4 Bb6 12. Bb2 a6 13. Rc1 Ba7 14. h3 Bf5 15. Na4 Ne4 16. Nd4 Qd7 17. Nxf5 Qxf5 18. Nc5 a5 19. g4 Qg5 20. Nxb7 Rab8 21. Rxc6 Rxb7 22. Bd4 Bb8 23. Qc1 Qd8 24. Rd1 f5 25. gxf5 axb4 26. Bxe4 dxe4 27. Bc5 Qh4 28. Bxf8 Qxh3 29. Qc4+ Rf7 30. Bd6 Bxd6 31. Rc8+ Bf8 32. Rxf8+ Kxf8 33. Qc8+ Ke7 34. Qd8# 1-0

[Event "London Classic Super rapid 8th"]
[Site "London"]
[Date "2016.12.18"]
[Round "6"]
[White "Lalic, Bogdan"]
[Black "Gindi, Shachar"]
[Result "1/2-1/2"]
[WhiteElo "2443"]
[BlackElo "2341"]
[PlyCount "54"]
[EventDate "2016.12.17"]
[EventType "swiss (rapid)"]
[EventRounds "10"]
[EventCountry "ENG"]
[SourceTitle "CBM 176 Extra"]
[Source "ChessBase"]
[SourceDate "2017.03.02"]
[SourceVersion "1"]
[SourceVersionDate "2017.03.02"]
[SourceQuality "1"]

1. d4 d5 2. c4 e6 3. Nf3 Nf6 4. Nc3 dxc4 5. e4 Bb4 6. Bg5 c5 7. Bxc4 cxd4 8. Nxd4 Bxc3+ 9. bxc3 Qa5 10. Bb5+ Nbd7 11. Bxf6 Qxc3+ 12. Kf1 gxf6 13. h4 a6 14. Rh3 Qb4 15. Be2 Ne5 16. Kg1 Qd6 17. Qd2 Bd7 18. Qb2 Rd8 19. Rd1 Ba4 20. Nb3 Qxd1+ 21. Bxd1 Rxd1+ 22. Kh2 Ng4+ 23. Kg3 Rg8 24. Nc5 Ne5+ 25. Kh2 Ng4+ 26. Kg3 Ne5+ 27. Kh2 Ng4+ 1/2-1/2

[Event "Leiden op-A 9th"]
[Site "Leiden"]
[Date "2015.07.21"]
[Round "5"]
[White "Das, Arghyadip"]
[Black "Gindi, Shachar"]
[Result "1-0"]
[WhiteElo "2457"]
[BlackElo "2336"]
[PlyCount "79"]
[EventDate "2015.07.17"]
[EventType "swiss"]
[EventRounds "9"]
[EventCountry "NED"]
[SourceTitle "CBM 167 Extra"]
[Source "ChessBase"]
[SourceDate "2015.09.14"]
[SourceVersion "1"]
[SourceVersionDate "2015.09.14"]
[SourceQuality "1"]

1. e4 c5 2. Nc3 Nc6 3. Bb5 Nd4 4. Nf3 g6 5. Bc4 Bg7 6. Nxd4 cxd4 7. Qf3 Nh6 8. Ne2 0-0 9. d3 Ng4 10. Bb3 Ne5 11. Qg3 Qb6 12. h4 d5 13. Bxd5 Bg4 14. f3 Be6 15. Bxe6 Qxe6 16. 0-0 Rac8 17. Nxd4 Qb6 18. Be3 Nxf3+ 19. Nxf3 Qxe3+ 20. Qf2 Qxf2+ 21. Rxf2 Bxb2 22. Rb1 Ba3 23. Rxb7 Rb8 24. Rb3 Rxb3 25. axb3 e5 26. Kf1 Bb2 27. c4 Ba1 28. Ra2 Bc3 29. Rc2 Bb4 30. Nxe5 f5 31. exf5 Rxf5+ 32. Nf3 Ra5 33. d4 Kf7 34. c5 Ke8 35. Rc4 Ra1+ 36. Ke2 a5 37. Ne5 Ra2+ 38. Kf3 Rb2 39. c6 Rxb3+ 40. Ke4 1-0

[Event "Leiden op-A 9th"]
[Site "Leiden"]
[Date "2015.07.20"]
[Round "4"]
[White "Gindi, Shachar"]
[Black "Kerkvliet, Maximiliaan"]
[Result "1-0"]
[WhiteElo "2336"]
[BlackElo "2186"]
[PlyCount "103"]
[EventDate "2015.07.17"]
[EventType "swiss"]
[EventRounds "9"]
[EventCountry "NED"]
[SourceTitle "CBM 167 Extra"]
[Source "ChessBase"]
[SourceDate "2015.09.14"]
[SourceVersion "1"]
[SourceVersionDate "2015.09.14"]
[SourceQuality "1"]

1. c4 e6 2. g3 d5 3. Bg2 Nf6 4. Nf3 Be7 5. 0-0 0-0 6. b3 b6 7. Bb2 Bb7 8. e3 c5 9. Nc3 Nc6 10. cxd5 exd5 11. d4 cxd4 12. Nxd4 Nxd4 13. Qxd4 Bc5 14. Qd3 Qd7 15. Rfd1 Rfd8 16. Ne2 Qd6 17. Nd4 Bxd4 18. Qxd4 Qe7 19. Rd2 Re8 20. a4 Qe6 21. Bc3 Rac8 22. a5 bxa5 23. Rxa5 Qb6 24. Rxa7 Qxb3 25. Bb2 Rc4 26. Qd3 Qxd3 27. Rxd3 Rb4 28. Rd2 Rc8 29. f3 Ra8 30. Rxa8+ Bxa8 31. e4 Rb5 32. f4 h6 33. Bxf6 gxf6 34. exd5 Rb8 35. d6 Kg7 36. d7 Bxg2 37. Kxg2 Rd8 38. Kh3 f5 39. Kh4 f6 40. Kh5 Kf7 41. h3 Kg7 42. Rd3 Kf7 43. h4 Kg7 44. g4 Kh7 45. Rd1 Kg7 46. Rd5 Kf7 47. Rxf5 Kg7 48. Rd5 Kf7 49. g5 Ke6 50. Rd1 hxg5 51. hxg5 Kf5 52. Kh6 1-0

[Event "Jerusalem Japhet Memorial op 2nd"]
[Site "Jerusalem"]
[Date "2014.07.21"]
[Round "5"]
[White "Huzman, Alexander"]
[Black "Gindi, Shachar"]
[Result "1/2-1/2"]
[WhiteElo "2589"]
[BlackElo "2319"]
[PlyCount "80"]
[EventDate "2014.07.16"]
[EventType "swiss"]
[EventRounds "9"]
[EventCountry "ISR"]
[SourceTitle "CBM 161 Extra"]
[Source "ChessBase"]
[SourceDate "2014.08.29"]
[SourceVersion "1"]
[SourceVersionDate "2014.08.29"]
[SourceQuality "1"]

1. d4 d5 2. c4 e6 3. Nf3 c5 4. cxd5 exd5 5. Nc3 Nc6 6. g3 Nf6 7. Bg2 Be7 8. 0-0 0-0 9. Bg5 c4 10. Ne5 Be6 11. b3 Rc8 12. bxc4 dxc4 13. Rb1 Nxd4 14. Rxb7 Rc5 15. Bf4 g5 16. Be3 Nxe2+ 17. Qxe2 Rxe5 18. Rd1 Qa5 19. Qb2 Rxe3 20. fxe3 Bc5 21. Rb5 Qc7 22. Ne4 Bxe3+ 23. Kh1 Nxe4 24. Bxe4 c3 25. Qe2 Qc4 26. Qxe3 Qxb5 27. Qxc3 Bxa2 28. Bxh7+ Kxh7 29. Qc2+ Kg7 30. Qxa2 a5 31. Kg2 Re8 32. Rd2 Re1 33. Qb2+ Qxb2 34. Rxb2 Kf6 35. Ra2 Re5 36. Kf3 Kf5 37. Ra4 g4+ 38. Rxg4 Re3+ 39. Kxe3 Kxg4 40. h4 a4 1/2-1/2

[Event "Jerusalem Japhet Memorial op 2nd"]
[Site "Jerusalem"]
[Date "2014.07.18"]
[Round "3"]
[White "Reshef, Omer"]
[Black "Gindi, Shachar"]
[Result "1-0"]
[WhiteElo "2275"]
[BlackElo "2319"]
[PlyCount "88"]
[EventDate "2014.07.16"]
[EventType "swiss"]
[EventRounds "9"]
[EventCountry "ISR"]
[SourceTitle "CBM 161 Extra"]
[Source "ChessBase"]
[SourceDate "2014.08.29"]
[SourceVersion "1"]
[SourceVersionDate "2014.08.29"]
[SourceQuality "1"]

1. e4 e5 2. Nf3 Nc6 3. Nc3 g6 4. d4 exd4 5. Nd5 Bg7 6. Bg5 Nce7 7. Nxd4 c6 8. Nxe7 Nxe7 9. c3 h6 10. Bh4 0-0 11. Bc4 d5 12. exd5 g5 13. Bg3 Nxd5 14. 0-0 Bd7 15. Bxd5 cxd5 16. Qf3 Be6 17. Rae1 Qd7 18. Be5 Rae8 19. Bxg7 Kxg7 20. Qg3 Qd8 21. Re3 Bd7 22. Rfe1 Rxe3 23. Rxe3 Re8 24. Qd6 Rxe3 25. fxe3 Qe8 26. Kf2 Be6 27. Qe5+ Kg6 28. Qc7 Qa4 29. a3 Qa6 30. h3 h5 31. Qb8 g4 32. h4 f6 33. Ne2 Qb6 34. b4 Kg7 35. Nd4 Bd7 36. Kg1 a5 37. Kh2 axb4 38. axb4 Kf7 39. Kg1 Qa6 40. Qc7 Ke8 41. Kh2 b5 42. Qf4 Qa1 43. Qxf6 Qxc3 44. Qh8+ Kf7 1-0

[Event "Maccabiah IM2"]
[Site "Jerusalem"]
[Date "2013.07.23"]
[Round "4"]
[White "Kudischewitsch, David"]
[Black "Gindi, Shachar"]
[Result "0-1"]
[WhiteElo "2344"]
[BlackElo "2278"]
[PlyCount "66"]
[EventDate "2013.07.21"]
[EventType "tourn"]
[EventRounds "9"]
[EventCountry "ISR"]
[EventCategory "3"]
[SourceTitle "CBM 155 Extra"]
[Source "ChessBase"]
[SourceDate "2013.08.26"]
[SourceVersion "1"]
[SourceVersionDate "2013.08.26"]
[SourceQuality "1"]

1. e4 c5 2. Nf3 d6 3. d4 cxd4 4. Qxd4 Nc6 5. Bb5 Bd7 6. Bxc6 Bxc6 7. Nc3 Nf6 8. Bg5 e6 9. 0-0-0 Be7 10. Rhe1 0-0 11. Qd2 Qc7 12. Nd4 Rfd8 13. f3 a6 14. Kb1 b5 15. Nxc6 Qxc6 16. Ne2 a5 17. g4 b4 18. Be3 Nd7 19. Nd4 Qb7 20. Bg5 Ne5 21. Bxe7 Qxe7 22. b3 Qb7 23. h3 a4 24. f4 Nd7 25. Re2 Nc5 26. Qe1 Qa6 27. Rdd2 d5 28. exd5 exd5 29. Nf5 Ne4 30. Ne7+ Kh8 31. Nxd5 Nxd2+ 32. Qxd2 Qb5 33. Re5 Qf1+ 0-1

[Event "Maccabiah IM2"]
[Site "Jerusalem"]
[Date "2013.07.21"]
[Round "1"]
[White "Gindi, Shachar"]
[Black "Shvayger, Yuliya"]
[Result "1-0"]
[WhiteElo "2278"]
[BlackElo "2265"]
[PlyCount "73"]
[EventDate "2013.07.21"]
[EventType "tourn"]
[EventRounds "9"]
[EventCountry "ISR"]
[EventCategory "3"]
[SourceTitle "CBM 155 Extra"]
[Source "ChessBase"]
[SourceDate "2013.08.26"]
[SourceVersion "1"]
[SourceVersionDate "2013.08.26"]
[SourceQuality "1"]

1. d4 Nf6 2. c4 g6 3. Nc3 d5 4. cxd5 Nxd5 5. e4 Nxc3 6. bxc3 Bg7 7. Bg5 c5 8. Rc1 0-0 9. Nf3 Bg4 10. d5 Qa5 11. Qd2 e6 12. c4 Qa3 13. Be2 Re8 14. h3 Bxf3 15. Bxf3 Na6 16. 0-0 Nb4 17. d6 f6 18. Be3 Qxa2 19. Qxa2 Nxa2 20. Ra1 Nb4 21. Bxc5 Nc6 22. e5 fxe5 23. Rab1 Nd4 24. Bxb7 Rad8 25. Bc8 Bf8 26. Bxd4 exd4 27. d7 Rxc8 28. Rb7 a5 29. Rc7 Rcd8 30. dxe8Q Rxe8 31. c5 a4 32. c6 a3 33. Rd7 Rc8 34. c7 d3 35. Ra1 d2 36. Kf1 d1Q+ 37. Raxd1 1-0

[Event "Kiryat Ono op-A 4th"]
[Site "Kiryat Ono"]
[Date "2013.07.02"]
[Round "3"]
[White "Shtemler, Lavi"]
[Black "Gindi, Shachar"]
[Result "0-1"]
[WhiteElo "2034"]
[BlackElo "2278"]
[PlyCount "56"]
[EventDate "2013.06.30"]
[EventType "swiss"]
[EventRounds "5"]
[EventCountry "ISR"]
[SourceTitle "CBM 155 Extra"]
[Source "ChessBase"]
[SourceDate "2013.08.26"]
[SourceVersion "1"]
[SourceVersionDate "2013.08.26"]
[SourceQuality "1"]

1. c4 e6 2. Nf3 d5 3. b3 Nf6 4. Bb2 c5 5. cxd5 exd5 6. d4 cxd4 7. Nxd4 Bb4+ 8. Bc3 Bc5 9. Nd2 0-0 10. g3 Qb6 11. e3 Re8 12. Qe2 Nc6 13. Nxc6 Bg4 14. Ba5 Qxc6 15. Qb5 d4 16. Qxc6 bxc6 17. b4 dxe3 18. bxc5 exd2+ 19. Kxd2 Ne4+ 20. Ke3 Nxg3+ 21. Kf4 Nxh1 22. Bg2 Nxf2 23. Bxc6 Nd3+ 24. Kg3 Re3+ 25. Kxg4 Ne5+ 26. Kf4 Nxc6 27. Kxe3 Nxa5 28. Kd4 Rd8+ 0-1

[Event "Dortmund Sparkassen op-A"]
[Site "Dortmund"]
[Date "2012.07.16"]
[Round "3"]
[White "Gindi, Shachar"]
[Black "Imcke, Patrick"]
[Result "1-0"]
[WhiteElo "2245"]
[BlackElo "1874"]
[PlyCount "41"]
[EventDate "2012.07.14"]
[EventType "swiss"]
[EventRounds "9"]
[EventCountry "GER"]
[SourceTitle "CBM 149 Extra"]
[Source "ChessBase"]
[SourceDate "2012.08.24"]
[SourceVersion "1"]
[SourceVersionDate "2012.08.24"]
[SourceQuality "1"]

1. c4 e5 2. g3 Nf6 3. Bg2 d5 4. cxd5 Nxd5 5. Nc3 Nb6 6. Nf3 Nc6 7. 0-0 Be6 8. a3 Be7 9. b4 0-0 10. Rb1 f6 11. d3 a5 12. b5 Nd4 13. Nd2 Nd5 14. Bxd5 Bxd5 15. e3 Be6 16. exd4 exd4 17. Ne2 Bh3 18. Re1 Bd6 19. Ne4 Be5 20. Nf4 Bxf4 21. Bxf4 1-0

[Event "Dos Hermanas Internet qual-E 10th"]
[Site "ICC INT"]
[Date "2009.03.15"]
[Round "10"]
[White "Gindi, Shachar"]
[Black "Arnaiz Yanes, Miguel Angel"]
[Result "1-0"]
[WhiteElo "2159"]
[BlackElo "1995"]
[PlyCount "99"]
[EventDate "2009.03.15"]
[EventType "swiss (blitz)"]
[EventRounds "12"]
[EventCountry "ESP"]
[SourceTitle "CBM 129 Extra"]
[Source "ChessBase"]
[SourceDate "2009.05.05"]
[SourceVersion "2"]
[SourceVersionDate "2009.05.20"]
[SourceQuality "1"]

1. e4 e5 2. f4 d5 3. exd5 e4 4. d3 Nf6 5. Nd2 exd3 6. Bxd3 Qxd5 7. Ngf3 Bg4 8. 0-0 Bc5+ 9. Kh1 0-0 10. Nb3 Bb6 11. c4 Bxf3 12. Rxf3 Qh5 13. h3 Ng4 14. c5 Bxc5 15. Nxc5 Qxc5 16. hxg4 Nc6 17. g5 f5 18. Be3 Qd6 19. Bc4+ Kh8 20. Qxd6 cxd6 21. Rd1 Rad8 22. Kg1 Rfe8 23. Kf2 a6 24. Bb6 Rd7 25. Rfd3 Re4 26. Bb3 Rxf4+ 27. Kg1 Rb4 28. Bf2 g6 29. Rxd6 Rxd6 30. Rxd6 Kg7 31. Kh2 Kf8 32. Rxc6 bxc6 33. Bc5+ Ke8 34. Bxb4 Kd7 35. Kg3 Kc7 36. Kf4 Kb6 37. Ke5 c5 38. Bc3 Kb5 39. Kf6 a5 40. Bg8 a4 41. Bxh7 Kc4 42. Bg8+ Kd3 43. Kxg6 c4 44. Kxf5 Kc2 45. Bxc4 Kc1 46. g6 Kd1 47. g7 Kc1 48. g8Q Kb1 49. Qd5 Ka1 50. Qd1# 1-0

[Event "Dos Hermanas Internet qual-C 10th"]
[Site "ICC INT"]
[Date "2009.03.14"]
[Round "4"]
[White "Gindi, Shachar"]
[Black "Martin Capitan, Feliciano"]
[Result "1-0"]
[WhiteElo "2159"]
[BlackElo "2177"]
[PlyCount "41"]
[EventDate "2009.03.14"]
[EventType "swiss (blitz)"]
[EventRounds "12"]
[EventCountry "ESP"]
[SourceTitle "CBM 129 Extra"]
[Source "ChessBase"]
[SourceDate "2009.05.05"]
[SourceVersion "2"]
[SourceVersionDate "2009.05.20"]
[SourceQuality "1"]

1. e4 e5 2. f4 exf4 3. Bc4 g5 4. h4 Bg7 5. hxg5 Qxg5 6. Nf3 Qxg2 7. Rg1 Qh3 8. Rxg7 d5 9. Bxd5 Bg4 10. Rxg4 Qxg4 11. Bxb7 Nf6 12. Bxa8 Qg3+ 13. Ke2 Rg8 14. Qe1 h5 15. Nc3 h4 16. d4 h3 17. e5 h2 18. Bxf4 Qxf4 19. exf6 Rg2+ 20. Kf1+ Kf8 21. Kxg2 1-0

[Event "Dos Hermanas Internet qual-C 10th"]
[Site "ICC INT"]
[Date "2009.03.14"]
[Round "10"]
[White "Gindi, Shachar"]
[Black "Premnath, Ramanathan"]
[Result "0-1"]
[WhiteElo "2159"]
[BlackElo "2303"]
[PlyCount "58"]
[EventDate "2009.03.14"]
[EventType "swiss (blitz)"]
[EventRounds "12"]
[EventCountry "ESP"]
[SourceTitle "CBM 129 Extra"]
[Source "ChessBase"]
[SourceDate "2009.05.05"]
[SourceVersion "2"]
[SourceVersionDate "2009.05.20"]
[SourceQuality "1"]

1. e4 c5 2. Nc3 Nc6 3. f4 g6 4. Nf3 Bg7 5. d3 d6 6. h3 Nf6 7. g4 Nd4 8. Bg2 0-0 9. 0-0 Rb8 10. Ne2 Nxf3+ 11. Bxf3 b5 12. g5 Nd7 13. h4 f6 14. c3 fxg5 15. hxg5 e5 16. Qb3+ Kh8 17. Rf2 exf4 18. Nxf4 Qxg5+ 19. Rg2 Qh4 20. Nxg6+ hxg6 21. Rh2 Qxh2+ 22. Kxh2 Rxf3 23. Kg2 Ne5 24. Bd2 Bh3+ 25. Kg1 Rbf8 26. Qxb5 Ng4 27. d4 Rg3+ 28. Kh1 Nf2+ 29. Kh2 Rg2# 0-1

[Event "Dos Hermanas Internet qual-C 10th"]
[Site "ICC INT"]
[Date "2009.03.14"]
[Round "8"]
[White "Gindi, Shachar"]
[Black "Rychagov, Andrey"]
[Result "1-0"]
[WhiteElo "2159"]
[BlackElo "2514"]
[PlyCount "61"]
[EventDate "2009.03.14"]
[EventType "swiss (blitz)"]
[EventRounds "12"]
[EventCountry "ESP"]
[SourceTitle "CBM 129 Extra"]
[Source "ChessBase"]
[SourceDate "2009.05.05"]
[SourceVersion "2"]
[SourceVersionDate "2009.05.20"]
[SourceQuality "1"]

1. e4 c5 2. Nc3 Nc6 3. f4 g6 4. Nf3 Bg7 5. d3 e6 6. Be3 d6 7. d4 cxd4 8. Nxd4 a6 9. Qd2 Nge7 10. 0-0-0 0-0 11. Nxc6 Nxc6 12. Qxd6 Qa5 13. Qc5 Bxc3 14. Qxc3 Qxa2 15. Bc4 Qa1+ 16. Kd2 Qa4 17. Ra1 Qb4 18. Qxb4 Nxb4 19. Kc3 Nc6 20. Rhd1 b5 21. Bxb5 Bb7 22. Bc4 Rfd8 23. Bb6 Rxd1 24. Rxd1 Rb8 25. Bc7 Rc8 26. Rd7 a5 27. f5 Rf8 28. fxe6 fxe6 29. Bxe6+ Kh8 30. Bd6 Bc8 31. Bxf8 1-0

[Event "Dos Hermanas Internet qual-C 10th"]
[Site "ICC INT"]
[Date "2009.03.14"]
[Round "7"]
[White "Leskovar, Mario Leopoldo"]
[Black "Gindi, Shachar"]
[Result "0-1"]
[WhiteElo "2357"]
[BlackElo "2159"]
[PlyCount "48"]
[EventDate "2009.03.14"]
[EventType "swiss (blitz)"]
[EventRounds "12"]
[EventCountry "ESP"]
[SourceTitle "CBM 129 Extra"]
[Source "ChessBase"]
[SourceDate "2009.05.05"]
[SourceVersion "2"]
[SourceVersionDate "2009.05.20"]
[SourceQuality "1"]

1. e4 c5 2. Nf3 d6 3. d4 cxd4 4. Nxd4 Nf6 5. Nc3 Nc6 6. f4 e5 7. Nf3 Bg4 8. h3 Bxf3 9. Qxf3 exf4 10. Bxf4 Qb6 11. 0-0-0 Be7 12. Bc4 0-0 13. Bb3 Nd4 14. Qd3 Nxb3+ 15. axb3 Qa5 16. Kb1 Rac8 17. Nd5 Nxd5 18. Qxd5 Rc5 19. Qd2 Qa6 20. Bxd6 Ra5 21. c3 Bxd6 22. Qxd6 Ra1+ 23. Kc2 Qxd6 24. Rxd6 Rxh1 0-1

[Event "Dos Hermanas Internet qual-C 10th"]
[Site "ICC INT"]
[Date "2009.03.14"]
[Round "3"]
[White "Mosquera Klinger, Miguel Alonso"]
[Black "Gindi, Shachar"]
[Result "1-0"]
[WhiteElo "2370"]
[BlackElo "2159"]
[PlyCount "67"]
[EventDate "2009.03.14"]
[EventType "swiss (blitz)"]
[EventRounds "12"]
[EventCountry "ESP"]
[SourceTitle "CBM 129 Extra"]
[Source "ChessBase"]
[SourceDate "2009.05.05"]
[SourceVersion "2"]
[SourceVersionDate "2009.05.20"]
[SourceQuality "1"]

1. e4 c5 2. Nf3 d6 3. d4 cxd4 4. Nxd4 Nf6 5. Nc3 Nc6 6. f3 e5 7. Nb3 Be7 8. Be3 0-0 9. Qd2 a5 10. Bb5 Na7 11. Be2 Be6 12. 0-0-0 Nc8 13. Kb1 a4 14. Nc1 Nb6 15. a3 Nc4 16. Bxc4 Bxc4 17. g4 b5 18. g5 Nh5 19. N1a2 f5 20. Nd5 f4 21. Bb6 Qd7 22. Rhg1 Bd8 23. Nab4 Rb8 24. Bxd8 Rfxd8 25. Qf2 Qh3 26. Rg4 Bxd5 27. Nxd5 Rb7 28. Rh4 Qc8 29. Rxh5 b4 30. Nxb4 Rxb4 31. axb4 a3 32. Qd2 axb2 33. Kxb2 Qc4 34. Qd5+ 1-0

[Event "Dos Hermanas Internet qual-A 10th"]
[Site "ICC INT"]
[Date "2009.03.13"]
[Round "7"]
[White "Diaz Millan, Reinier"]
[Black "Gindi, Shachar"]
[Result "0-1"]
[WhiteElo "2014"]
[BlackElo "2159"]
[PlyCount "64"]
[EventDate "2009.03.13"]
[EventType "swiss (blitz)"]
[EventRounds "12"]
[EventCountry "ESP"]
[SourceTitle "CBM 129 Extra"]
[Source "ChessBase"]
[SourceDate "2009.05.05"]
[SourceVersion "2"]
[SourceVersionDate "2009.05.20"]
[SourceQuality "1"]

1. d4 Nf6 2. Bg5 c5 3. Bxf6 exf6 4. d5 f5 5. c4 d6 6. Nc3 g6 7. e3 Bg7 8. Qc2 0-0 9. Nf3 Re8 10. Bd3 f4 11. e4 Bg4 12. h3 Bxf3 13. gxf3 Nd7 14. 0-0-0 Ne5 15. h4 Nxf3 16. h5 a6 17. hxg6 fxg6 18. Rh3 Ne5 19. Rdh1 h6 20. Qd2 Qg5 21. Kc2 b5 22. cxb5 c4 23. Be2 axb5 24. Nxb5 Rxa2 25. Nxd6 Rxb2+ 26. Kxb2 Nf3+ 27. Qc3 Bxc3+ 28. Kxc3 Qf6+ 29. Kxc4 Qd4+ 30. Kb5 Rb8+ 31. Kc6 Ne5+ 32. Kc7 Qb6# 0-1

[Event "Dos Hermanas Internet qual-A 10th"]
[Site "ICC INT"]
[Date "2009.03.13"]
[Round "6"]
[White "Gindi, Shachar"]
[Black "Bachran, Boris"]
[Result "1-0"]
[WhiteElo "2159"]
[BlackElo "1956"]
[PlyCount "35"]
[EventDate "2009.03.13"]
[EventType "swiss (blitz)"]
[EventRounds "12"]
[EventCountry "ESP"]
[SourceTitle "CBM 129 Extra"]
[Source "ChessBase"]
[SourceDate "2009.05.05"]
[SourceVersion "2"]
[SourceVersionDate "2009.05.20"]
[SourceQuality "1"]

1. e4 d5 2. exd5 Nf6 3. Bb5+ Bd7 4. Be2 Nxd5 5. d4 Nf6 6. Nf3 c6 7. Ne5 Bf5 8. g4 Bg6 9. h4 h6 10. Nxg6 fxg6 11. Qd3 Kf7 12. h5 gxh5 13. gxh5 e5 14. Qg6+ Kg8 15. dxe5 Nd5 16. Qe6+ Kh7 17. Bd3+ g6 18. Qxg6# 1-0

[Event "Dos Hermanas Internet qual-A 10th"]
[Site "ICC INT"]
[Date "2009.03.13"]
[Round "8"]
[White "Gindi, Shachar"]
[Black "Grigorov, Grigor"]
[Result "1-0"]
[WhiteElo "2159"]
[BlackElo "2475"]
[PlyCount "57"]
[EventDate "2009.03.13"]
[EventType "swiss (blitz)"]
[EventRounds "12"]
[EventCountry "ESP"]
[SourceTitle "CBM 129 Extra"]
[Source "ChessBase"]
[SourceDate "2009.05.05"]
[SourceVersion "2"]
[SourceVersionDate "2009.05.20"]
[SourceQuality "1"]

1. e4 c5 2. Nc3 d6 3. f4 Nc6 4. Nf3 g6 5. d3 Bg7 6. h3 e5 7. g3 Nge7 8. Bg2 0-0 9. 0-0 Be6 10. Ng5 Bd7 11. f5 gxf5 12. Qh5 h6 13. Nf3 Qe8 14. Bxh6 f6 15. Qxe8 Raxe8 16. Bxg7 Kxg7 17. Nb5 Nc8 18. Nh4 fxe4 19. dxe4 Nd4 20. Nc7 Rd8 21. c3 Nc2 22. Rac1 Ne3 23. Rf3 Nxg2 24. Kxg2 Ne7 25. Rd1 Bc6 26. Ne6+ Kf7 27. Nxf8 Rxf8 28. Rxd6 Bxe4 29. Rdxf6+ 1-0